<?xml version="1.0" encoding="UTF-8"?>
<marc:record xmlns:marc="http://www.loc.gov/MARC21/slim">
   <marc:leader>00000nam a2200000 a 4500</marc:leader>
   <marc:datafield ind1="1" ind2=" " tag="100">
      <marc:subfield code="a">Montgomery, Feldmaschall</marc:subfield>
      <marc:subfield code="4">aut</marc:subfield>
      <marc:subfield code="e">Verfasser/-in</marc:subfield>
   </marc:datafield>
   <marc:datafield ind1="0" ind2="0" tag="245">
      <marc:subfield code="a">Kriegsgeschichte</marc:subfield>
   </marc:datafield>
   <marc:datafield ind1="0" ind2="0" tag="245">
      <marc:subfield code="b">Weltgeschichte der Schlachten und Kriegszüge</marc:subfield>
   </marc:datafield>
   <marc:datafield ind1="0" ind2="0" tag="245">
      <marc:subfield code="c">Feldmaschall Montgomery</marc:subfield>
   </marc:datafield>
   <marc:datafield ind1=" " ind2="1" tag="264">
      <marc:subfield code="a">Frechen</marc:subfield>
      <marc:subfield code="b">Bernhard &amp; Graefe Verlag</marc:subfield>
      <marc:subfield code="c">1968</marc:subfield>
   </marc:datafield>
   <marc:datafield ind1="1" ind2=" " tag="520">
      <marc:subfield code="a">Feldmarschall Bernard Law Montgomery, Freund Churchills und Gegner Rommels in der Schlacht um Nordafrika, gibt aus der Sicht eines modernen Feldherrn einen Überblick über 7.000 Jahre Kriegsgeschichte. Es liegt ihm fern, den Krieg zu verherrlichen. Generäle, so sagt er, müssen es nicht nur als ihr Ziel ansehen, den Krieg zu gewinnen, sondern auch ihren Beitrag dazu leisten, Krieg zu verhindern. Ein militärischer Führer muß den Blick für das Mögliche und Erreichbare haben. In diesem Sinne wirft sich Montgomery zum Richter über die Heerführer der Vergangenheit auf. Die Manöverkritik ist beißend, trifft aber ins Schwarze. </marc:subfield>
   </marc:datafield>
   <marc:datafield ind1=" " ind2=" " tag="020">
      <marc:subfield code="a">9783933366160</marc:subfield>
      <marc:subfield code="9">9783933366160</marc:subfield>
   </marc:datafield>
   <marc:datafield ind1=" " ind2=" " tag="020">
      <marc:subfield code="a">393336616X</marc:subfield>
      <marc:subfield code="9">393336616X</marc:subfield>
   </marc:datafield>
   <marc:datafield ind1=" " ind2=" " tag="041">
      <marc:subfield code="a">ger</marc:subfield>
   </marc:datafield>
   <marc:datafield ind1=" " ind2=" " tag="500">
      <marc:subfield code="a">Mit 29 Farbtafeln und 226 Abbildungen</marc:subfield>
   </marc:datafield>
   <marc:datafield ind1="1" ind2=" " tag="521">
      <marc:subfield code="a">0</marc:subfield>
   </marc:datafield>
   <marc:datafield ind1=" " ind2=" " tag="300">
      <marc:subfield code="a">582 Seit.</marc:subfield>
   </marc:datafield>
</marc:record>
